| 000 | 00414nam a2200133Ia 4500 | ||
|---|---|---|---|
| 008 | 220204s9999 xx 000 0 und d | ||
| 082 |
_a581.331.2(540) _bNAI.4 |
||
| 100 | _aNAIR, P K K | ||
| 245 | 0 | _aPollen grains of Indian plants. IV. Pt 1. Leguminosae | |
| 260 |
_aLucknow _bNational Botanic Garden _c1962 |
||
| 490 | _aBulletin of the National Botanic gardens; 65 | ||
| 650 | _aLeguminosae Pollen | ||
| 942 | _cBK | ||
| 999 |
_c20721 _d20721 |
||